| 000 | 00708nam a22002177a 4500 | ||
|---|---|---|---|
| 999 |
_c8280 _d8280 |
||
| 001 | 21814 | ||
| 003 | BD-DhUAP | ||
| 005 | 20230604115822.0 | ||
| 008 | 230506b2022 bg |||| |||| 001 0beng d | ||
| 020 | _a9789845063913 | ||
| 040 |
_aBD-DhAAL _beng _cBD-DhUAP _dBD-DhUAP |
||
| 082 |
_222 _a891.55099287 HUQ |
||
| 100 | _aHuq, Sabiha | ||
| 245 |
_aThe Mughal Aviary : _bwomen's writings in pre-modern India / _cSabiha Huq. |
||
| 260 |
_aDhaka : _bThe University Press Limited _c2022. |
||
| 300 |
_axxix, 217 pages ; _b22 cm. |
||
| 504 | _aIncludes bibliographical references and index. | ||
| 650 |
_aPersian literature _xWomen authors _yHistory and criticism. |
||
| 700 | _aAmin, Sonia Nishat | ||
| 942 |
_2ddc _cBK |
||